000 00496nam a2200181Ia 4500
001 943
005 20260306140555.0
008 260306t2008||||xx |||||||||||||| ||spa||
041 _aESP
082 _a174.4
_bH19L
100 _aHamburger Fernández, Álvaro Andrés
_eAUT
245 0 _aLos valores corporativos en la empresa:
_bcómo suscitarlos, difundirlos y vivenciarlos
260 _c2008
300 _a365 páginas :
_c23 cm.
650 _aGEN
654 _aCHU
942 _cLIB
_dJUS
_fJUS
_2ddc
_n
999 _c943
_d943